000 01164njm a22002777a 4500
005 20100913100347.0
007 sd ammalaaahaa
008 100913t xxu||||| |||| 00| 0 hin d
028 _a45-AE. 1525
_bAngal records
035 _aGR-02016
040 _aSED/VEN
100 _aMangeshkar, Lata
_919606
245 _aSharafat /
_cby Lata Mangeshkar ; music by Laxmikant Pyarelal ; lyric by Anand Bakshi
_h[sound recording] :
246 _aशराफत (लता मंगेशकर)
260 _aDum Dum, India
_bAngal records
_cn. d.
300 _a1 sound disc [Gramophone record] :
_banalog, 45 rpm
_c7 in.
_fGramophone record
500 _aBrief record.
500 _aAngel records
500 _aPurpal
505 _aPart 1 Sharafat chhod di main ne (Lata Mangeshkar) शराफत छोड़ दी मैं ने,Part 2 Jeevan data jagat pita जीवन दाता जगत पिता
_r
650 _aClassical Music
_xExcerpts
_zIndia
_919607
700 _a Bakshi, Anand
_919729
700 _aLaxmikant Pyarelal
_919733
942 _2ddc
_cGR
999 _c45427
_d45427